000 00491nam a2200181Ia 4500
005 20250508161614.0
008 008 250505s9999 xx 000 0 hin d
037 _aTextual
040 _aFEDL
_beng
_cFEDL
041 _ahin
_2hin
084 _aFH, SHA
_qFEDL
100 _aSharma Jagarnath
_9761304
245 0 _aPrakarti ke darbar me
260 _aDelhi, India
_bNational Publishing House
_c1955
300 _a52p.
942 _cTEXL
_hFH, SHA
999 _c1371082
_d1371082